000 00529nam a22002057a 4500
003 OSt
005 20220107122731.0
008 140222b xxu||||| |||| 00| 0 eng d
020 _a9789350239957
040 _cIIITM-K
082 _a005.133C KLE/C
100 _aKlemens, Ben
_93222
245 _a21st century C
_cby Ben Klemens
260 _aMumbai,
_bO'Rielly,
_c2013.
300 _axix, 273p.
650 _aCOMPUTER SCIENCE
_93223
650 _aPROGRAMMING LANGUAGE
_93224
650 _aC PROGRAMMING
_93225
942 _2ddc
_cBK
999 _c3602
_d3602